00525nam a2200157Ia 4500008004100000041000800041082001600049100001500065245003300080260003200113365001600145700001500161906001500176999001900191952015700210230718s9999 xx 000 0 und d aeng a621.37bKAT aKatre J.S. aBasic Electrical Engineering c2003bTech Max Publications cRs.b285.00 aKatre J.S. cALLIEDb57 c306044d306044 01104070aCCEPbCCEPd2003-10-06eMasurkar EnterprisesfALLIEDg228.00o621.37pCCEP-BK-17251r2023-07-18 00:00:00t57v285.00w2023-07-18yBKz017251